El cuerpo de la voz : (poesía, ética y cultura)

Desde Lenguaje e ideología (1986), los libros de Francine Masiello representan hitos importantes en el estudio de la literatura hispanoamericana. Con este último trabajo que recorre un amplio espectro de obras contemporáneas se repite el placer de leer una propuesta original sustentada en la propia...

Full description

Bibliographic Details
Main Author: Masiello, Francine
Format: Libro
Language:Spanish
Published: Rosario: Beatriz Viterbo Editora, UNR, 2013.
Series:Ensayos criticos ; 55
Subjects:
Online Access:

MARC

LEADER 00000cam a2200000 4500
003 UAHC
005 20191125125735.0
008 191121s2013 ag ||||| |||| 00| 0 spa |
952 |0 0  |1 0  |2 ddc  |4 0  |6 AR_861_090000000000000_MAS  |7 0  |8 BAS  |9 93051  |a BR  |b BR  |c General  |d 2019-11-23  |o Ar861.09 MAS  |p 1471382  |r 2026-01-13 00:00:00  |t c.1  |w 2019-11-23  |y BK  |A 157  |B LENG 
999 |c 52633  |d 52633 
020 |a 9789508452702 
035 |a PEDAGOGÍA 
040 |a UAHC_CL  |c UAHC_CL  |d UAHC_CL 
082 |2 21  |a Ar861.09  |b M397 
100 |9 10000  |a Masiello, Francine 
245 |a El cuerpo de la voz :  |b  (poesía, ética y cultura)  |c Francine Masiello. 
260 |a Rosario:   |b Beatriz Viterbo Editora,  |b UNR,  |c 2013. 
300 |a 320 p. 
440 |9 10001  |a Ensayos criticos  |v ; 55 
520 |a Desde Lenguaje e ideología (1986), los libros de Francine Masiello representan hitos importantes en el estudio de la literatura hispanoamericana. Con este último trabajo que recorre un amplio espectro de obras contemporáneas se repite el placer de leer una propuesta original sustentada en la propia emotividad de la autora, sensibilísima lectora de las voces ajenas. La hipótesis central representa un audaz desafío crítico ya que deja el terreno seguro de la especulación intelectual, del puro análisis verbal y de la interpretación de los tropos para captar, más allá del sentido referencial y de la razón especulativa, los efectos sensibles que la palabra literaria provoca en el cuerpo del lector. 
650 0 |9 10003  |a Poesía argentina  |x Historia y crítica 
650 0 |9 10002  |a Ética en literatura 
942 |2 ddc  |c BK